Political mobilisation and democracy in India (Record no. 6404)

MARC details
000 -LEADER
fixed length control field 00473nam a2200169Ia 4500
020 ## - INTERNATIONAL STANDARD BOOK NUMBER
ISBN 9780415423755
082 ## - DEWEY DECIMAL CLASSIFICATION NUMBER
Classification number 320.954 HEW-P
100 ## - MAIN ENTRY--AUTHOR NAME
Personal name Hewitt, Vernon
245 #0 - TITLE STATEMENT
Title Political mobilisation and democracy in India
260 ## - PUBLICATION, DISTRIBUTION, ETC. (IMPRINT)
Place of publication Landon
Name of publisher Routledge
Year of publication 2008
300 ## - PHYSICAL DESCRIPTION
Number of Pages 230
440 ## - SERIES STATEMENT/ADDED ENTRY--TITLE
Title Routledge advances in South Asian studies
504 ## - BIBLIOGRAPHY, ETC. NOTE
Bibliography, etc includes bibliography and index
650 ## - SUBJECT ADDED ENTRY--TOPICAL TERM
Topical Term India
Form subdivision Politics and government
700 ## - ADDED ENTRY--PERSONAL NAME
Personal name Mitra, Subrata K.
942 ## - ADDED ENTRY ELEMENTS (KOHA)
Koha item type Books
Holdings
Withdrawn status Lost status Damaged status Not for loan Home library Current library Date acquired Source of acquisition Bill Date Full call number Accession Number Price effective from Koha item type
        NASSDOC Library NASSDOC Library 10/02/2009 MAN 2008-12-30 320.954 HEW-P 45048 18/04/2019 Books